000 00627nam a22002297a 4500
003 UA-OsUOA
001 127629
007 ta
008 20171207b un ||||| |||| 00| 0 ukr d
100 _aМонтень М.
090 _a140.8
_bМ77
942 _cBK
040 _aUA-OsUOA
_brus
_cUA-OsUOA
_dUA-OsUOA
245 _aОб искусстве жить достойно
_bфилософские очерки
300 _a206 с.
955 _a2
041 _arus
080 _a140.8
260 _aМ.
_bДетская литература
_c1975
650 7 _a1 Філософські науки
_2UDC
999 _c414799
_d414799